ბათუმის შოთა რუსთაველის სახელმწიფო უნივერსიტეტის ბიბლიოთეკა

ჩანაწერი Personal Name

ჩანაწერთა რაოდენობა, რომელიც გამოყენებულია: 1

001 - CONTROL NUMBER

  • control field: 7422

003 - CONTROL NUMBER IDENTIFIER

  • control field: GE_BSU

005 - DATE AND TIME OF LATEST TRANSACTION

  • control field: 20200225141029.0

008 - FIXED-LENGTH DATA ELEMENTS

  • fixed length control field: 200225|| aca||aabn | a|a d

040 ## - CATALOGING SOURCE

  • Original cataloging agency: GE_BSU
  • Transcribing agency: GE_BSU

100 ## - HEADING--PERSONAL NAME

  • Personal name: Blackburn, James A.,
  • Titles and other words associated with a name: Ph. D.
  • Relator term: ავტორი

670 ## - SOURCE DATA FOUND

  • Source citation: Work cat.: (GE_BSU)50494: Handbook of gerontology :